Chinese literature today CLT.
| Autor Corporativo: | |
|---|---|
| Formato: | Electrónico Revista |
| Lenguaje: | inglés chino |
| Publicado: |
Norman, Okla. :
University of Oklahoma
[Abingdon] : Taylor & Francis Group |
| Materias: | |
| Acceso en línea: | Full text available from Research Library: 07/01/2010 to present |
MARC
| LEADER | 00000nas a2200000 a 4500 | ||
|---|---|---|---|
| 001 | ssj0000492440 | ||
| 003 | WaSeSS | ||
| 005 | 20200512172242.0 | ||
| 006 | m d | ||
| 007 | cr n | ||
| 008 | 100811c20109999enkfr pss | a0eng | ||
| 010 | |a 2010202149 | ||
| 016 | 7 | |a 2628246-X |2 DE-600 | |
| 022 | |a 2156-8634 |y 2151-4399 | ||
| 035 | |a (WaSeSS)ssj0000492440 | ||
| 037 | |b University of Oklahoma Board of Regents, 106 Fourth Street, Bass Hall C33, Norman, OK 73019-6400 | ||
| 040 | |a DLC |b eng |e pn |c DLC |d HNK |d DLC |d LGG |d HEBIS |d OCLCQ |d OCLCF |d OCLCO |d OCL |d OCLCQ |d NTG |d AU@ |d CUS |d DLC |d WaSeSS | ||
| 041 | 0 | |a eng |a chi | |
| 042 | |a pcc |a nsdp | ||
| 050 | 0 | 0 | |a PL2303 |
| 082 | 1 | 0 | |a 895.1 |2 14 |
| 222 | 0 | |a Chinese literature today |b (Online) | |
| 245 | 0 | 0 | |a Chinese literature today |h [electronic resource] : |b CLT. |
| 246 | 3 | |a CLT | |
| 260 | |a Norman, Okla. : |b University of Oklahoma | ||
| 260 | |3 <2017-> : |a [Abingdon] : |b Taylor & Francis Group | ||
| 310 | |a Semiannual | ||
| 362 | 1 | |a Began with v. 1, no. 1 (summer 2010). | |
| 506 | |a License restrictions may limit access. | ||
| 546 | |a Chiefly in English, some in Chinese and English. | ||
| 588 | |a Description based on print version record. | ||
| 588 | |a Latest issue consulted: Volume 8, issue 2 (2019) (Taylor & Francis Online, viewed May 4, 2020). | ||
| 648 | 7 | |a 1900-2099 |2 fast | |
| 650 | 0 | |a Chinese literature |y 20th century |x History and criticism |v Periodicals. | |
| 650 | 0 | |a Chinese literature |y 21st century |x History and criticism |v Periodicals. | |
| 650 | 7 | |a Chinese literature. |2 fast |0 (OCoLC)fst00857595 | |
| 655 | 0 | |a Electronic journals. | |
| 710 | 2 | |a University of Oklahoma. | |
| 776 | 0 | 8 | |i Also in print: |t Chinese literature today |x 2151-4399 |w (DLC) 2009207865 |w (OCoLC)457729481 |
| 850 | |a DLC | ||
| 856 | 4 | 0 | |z Full text available from Research Library: 07/01/2010 to present |u https://search.proquest.com/publication/536314 |